000 00742nam a22001577a 4500
003 OSt
005 20151021130342.0
008 151007b xxu||||| |||| 00| 0 eng d
040 _cRUA
082 _aAVM HAN 2006 B076 Or.1
100 _92299
_aHANG, PISETH.
245 _aThe study of spread of hemoparasite in cattle at semonorom and oraing distridct mondulkiri province, ការសិក្សាកំរិតរាលដាលនៃជំងឺប៉ារាសិត ក្នុងឈាមគោនៅភស្រុកសែនមនោរម្យ និង​ស្រុកអូររាំង ខេត្តមណ្ឌលគិរី
260 _aPhnom Penh
_bRUA
_c2006
300 _a48p.
_bill.
_c29cm.
942 _2ddc
_cATMSP
999 _c2167
_d2167